Sistemas de control lineal
Kaydedildi:
| Yazar: | |
|---|---|
| Diğer Yazarlar: | , |
| Materyal Türü: | Kitap |
| Baskı/Yayın Bilgisi: |
México : McGraw-Hill
1994
|
| Konular: | |
| Etiketler: |
Etiketle
Etiket eklenmemiş, İlk siz ekleyin!
|
MARC
| LEADER | 00000nam a2200000Ia 4500 | ||
|---|---|---|---|
| 003 | 000209 | ||
| 005 | 20221231144015.0 | ||
| 008 | 140114s1994 mx a 000 ||s d | ||
| 020 | |a 9701004116 | ||
| 040 | |c cru CEDI | ||
| 082 | |a 629.831.2 R739s | ||
| 100 | |a Rohrs, Charles E |9 18690 | ||
| 245 | |a Sistemas de control lineal | ||
| 260 | |a México : McGraw-Hill |c 1994 | ||
| 300 | |a xv, 648 páginas : ilustraciones | ||
| 500 | |a Traducción de: Linear control systems | ||
| 650 | |x TEORIA DEL CONTROL |x CONTROL AUTOMATICO |9 18694 | ||
| 700 | |9 18691 |a Melsa, James L. | ||
| 700 | |9 18692 |a Schultz, Donald G. | ||
| 942 | |2 ddc |c BK | ||
| 999 | |c 15516 |d 15516 | ||



